[Event "Mittelrhein Verbandsliga West 1920"]
[Site "Mittelrhein"]
[Date "2019.12.08"]
[Round "4.6"]
[White "Schulten, Berthold"]
[Black "Rahi, Zafar"]
[Result "1/2-1/2"]
[WhiteElo "1936"]
[BlackElo "1697"]
[PlyCount "82"]
[EventDate "2019.09.29"]
[EventType "team-tourn"]
[EventRounds "9"]
[EventCountry "GER"]
[SourceTitle "EXT 2023"]
[Source "ChessBase"]
[SourceDate "2022.10.05"]
[SourceVersion "1"]
[SourceVersionDate "2022.10.05"]
[SourceQuality "1"]
[WhiteTeam "Aachen PTSV"]
[BlackTeam "Kerpen SK"]
[WhiteTeamCountry "GER"]
[BlackTeamCountry "GER"]

1. c4 Nf6 2. g3 e6 3. Nf3 Be7 4. Bg2 c6 5. 0-0 d5 6. b3 0-0 7. Bb2 Nbd7 8. d3 b6 9. Nbd2 Bb7 10. e4 dxe4 11. dxe4 c5 12. Qe2 h6 13. e5 Nh7 14. Ne4 Qc7 15. Rad1 Rad8 16. Nd6 Bc6 17. Nb5 Qb7 18. Ne1 Bxg2 19. Nxg2 a6 20. Nd6 Qc7 21. f4 Nb8 22. Ne4 Rxd1 23. Rxd1 Rd8 24. Ne1 Rxd1 25. Qxd1 Qd7 26. Qxd7 Nxd7 27. Nd3 Nhf8 28. Ba3 a5 29. Nc3 Nb8 30. Nb5 Nc6 31. Bb2 Nd7 32. Kf2 f5 33. exf6 gxf6 34. Ke3 Kf7 35. Ke4 f5+ 36. Ke3 h5 37. Kf3 Nb4 38. Nxb4 axb4 39. Na7 Bd6 40. Nc6 Bc7 41. h3 Nf6 1/2-1/2

[Event "Mittelrhein Verbandsliga West 1920"]
[Site "Mittelrhein"]
[Date "2019.09.29"]
[Round "1.7"]
[White "Offermanns, Robert"]
[Black "Rahi, Zafar"]
[Result "1-0"]
[WhiteElo "1725"]
[BlackElo "1697"]
[PlyCount "116"]
[EventDate "2019.09.29"]
[EventType "team-tourn"]
[EventRounds "9"]
[EventCountry "GER"]
[SourceTitle "EXT 2023"]
[Source "ChessBase"]
[SourceDate "2022.10.05"]
[SourceVersion "1"]
[SourceVersionDate "2022.10.05"]
[SourceQuality "1"]
[WhiteTeam "Brand SF"]
[BlackTeam "Kerpen SK"]
[WhiteTeamCountry "GER"]
[BlackTeamCountry "GER"]

1. d4 Nf6 2. Bf4 e6 3. e3 Be7 4. Nd2 b6 5. Bd3 Bb7 6. Ngf3 d6 7. h3 Nbd7 8. Qe2 Nd5 9. c3 Nxf4 10. exf4 Nf6 11. Ne4 Nxe4 12. Bxe4 Bxe4 13. Qxe4 0-0 14. g4 c5 15. g5 Re8 16. h4 Qd7 17. 0-0-0 Rab8 18. d5 exd5 19. Qxd5 Qb7 20. Rhe1 Qxd5 21. Rxd5 Bf8 22. Re3 g6 23. Kc2 Kg7 24. Nd2 Rxe3 25. fxe3 Rc8 26. Ne4 Rc6 27. Kd3 b5 28. a3 Be7 29. Ng3 f5 30. e4 fxe4+ 31. Kxe4 h6 32. Rd1 hxg5 33. hxg5 Ra6 34. Kd5 b4 35. axb4 cxb4 36. cxb4 Rb6 37. Rd4 a6 38. Ne4 Kf7 39. Nc3 Bf8 40. Rc4 Be7 41. Ke4 Ke6 42. Nd5 Rb7 43. Rc6 Rb5 44. Nc7+ Kd7 45. Nxb5 Kxc6 46. Nd4+ Kd7 47. Kd5 Bd8 48. Nc6 Bc7 49. b3 Ke8 50. Nd4 Kf7 51. b5 axb5 52. Nxb5 Bb8 53. Nd4 Ba7 54. b4 Bb6 55. Ne2 Ke7 56. Nd4 Kf7 57. b5 Bc5 58. Ne6 Ke7 1-0